Rail Transport: Top 15 Countries by... - Statistics

General Stats
  • This quiz has been taken 208 times
  • The average score is 53 of 90
Answer Stats
Rank Country % Correct
Top 1 United States
98%
Top 1 United States
98%
Top 3 China
97%
Top 11 China
97%
Top 6 Germany
97%
Top 2 Germany
97%
Top 2 Russia
97%
Top 12 Russia
97%
Top 9 France
96%
Top 6 France
96%
Top 8 United Kingdom
96%
Top 13 Japan
94%
Top 5 Japan
94%
Top 5 Canada
93%
Top 4 Canada
93%
Top 4 India
93%
Top 7 India
93%
Top 11 Mexico
90%
Top 7 Australia
89%
Top 1 Australia
89%
Top 10 Brazil
89%
Top 12 Italy
89%
Top 4 Italy
89%
Top 8 Argentina
83%
Top 3 Sweden
81%
Top 9 Poland
77%
Top 15 Switzerland
75%
Top 14 Ukraine
75%
Top 13 Ukraine
75%
Top 8 Finland
72%
Top 12 New Zealand
66%
Top 15 Romania
64%
Top 3 Romania
64%
Top 7 Romania
64%
Bottom 15 Singapore
61%
Bottom 14 Singapore
61%
Bottom 10 Bangladesh
59%
Top 10 Czech Republic
59%
Top 13 Czech Republic
59%
Bottom 11 Nigeria
59%
Top 14 Hungary
56%
Top 14 Kazakhstan
56%
Bottom 3 Monaco
56%
Bottom 1 Vatican City
54%
Top 2 Vatican City
54%
Bottom 10 Nepal
51%
Bottom 5 Nepal
51%
Bottom 3 Nepal
51%
Bottom 6 Liechtenstein
50%
Bottom 15 Liechtenstein
50%
Bottom 9 Venezuela
50%
Bottom 8 Venezuela
50%
Bottom 13 Ethiopia
48%
Bottom 7 Ethiopia
48%
Top 5 Latvia
46%
Bottom 4 Laos
43%
Bottom 1 Laos
43%
Bottom 1 Laos
43%
Bottom 12 Afghanistan
42%
Bottom 4 Afghanistan
42%
Bottom 4 Afghanistan
42%
Bottom 12 Mali
42%
Bottom 5 Philippines
42%
Top 11 Uruguay
42%
Bottom 8 Paraguay
40%
Bottom 3 Paraguay
40%
Bottom 6 Paraguay
40%
Top 10 Turkmenistan
38%
Bottom 10 Suriname
36%
Bottom 14 Guyana
35%
Bottom 7 Guyana
35%
Bottom 11 Jamaica
35%
Bottom 11 Jamaica
35%
Bottom 12 Jamaica
35%
Bottom 2 Lesotho
35%
Bottom 2 Lesotho
35%
Bottom 2 Lesotho
35%
Top 6 Namibia
35%
Bottom 14 Mauritania
34%
Bottom 7 Brunei
32%
Bottom 6 Brunei
32%
Bottom 15 Brunei
32%
Top 15 Djibouti
29%
Bottom 13 Côte d'Ivoire
26%
Bottom 13 Sierra Leone
26%
Bottom 8 Sierra Leone
26%
Bottom 9 Sierra Leone
26%
Bottom 5 Nauru
19%
Bottom 9 Saint Kitts and Nevis
18%
Top 9 Saint Kitts and Nevis
18%
No matching quizzes found
Score Distribution
Percent of People with Each Score
Percentile by Number Answered
Your Score History
You have not taken this quiz